000 00360nam a2200145Ia 4500
008 230917s9999||||xx |||||||||||||| ||und||
040 _e29370
_aMAIN
041 _aEnglish
082 _a709.54 L154S
100 _aLalit Kala Akademi
245 0 _aSixth triennale-India 1986
260 _aNew Delhi
_bLalit Kala Akedemi
_c1986
300 _a96 p.
942 _cBK
999 _c97080
_d97080